Krishna bhakth muzalman kavi/ (Record no. 166754)

000 -LEADER
fixed length control field 00264nam a2200109 4500
082 ## - DEWEY DECIMAL CLASSIFICATION NUMBER
Classification number
Item number
100 ## - MAIN ENTRY--PERSONAL NAME
Personal name Noorjahan Begum
245 ## - TITLE STATEMENT
Title Krishna bhakth muzalman kavi/
Statement of responsibility, etc. by Noorjahan Begum.
260 ## - PUBLICATION, DISTRIBUTION, ETC.
Place of publication, distribution, etc. Mathura:
Name of publisher, distributor, etc. Jawahar Pustakalaya,
Date of publication, distribution, etc.
650 ## - SUBJECT ADDED ENTRY--TOPICAL TERM
Topical term or geographic name entry element
942 ## - ADDED ENTRY ELEMENTS (KOHA)
Koha item type Book
Holdings
Withdrawn status Lost status Damaged status Not for loan Permanent Location Current Location Shelving location Date acquired Cost, normal purchase price Total Checkouts Barcode Date last seen Price effective from Koha item type
        RC Thiruvananthapuram RC Thiruvananthapuram   13.11.2018 75.00   TV014165 13.11.2018 13.11.2018 Book